[Event "Asia zt 3.3"]
[Site "Jakarta"]
[Date "2023.05.10"]
[Round "6"]
[White "Ali, Muhammad Lutfi"]
[Black "Dau, Khuong Duy"]
[Result "1/2-1/2"]
[WhiteElo "2369"]
[BlackElo "2234"]
[PlyCount "138"]
[EventDate "2023.05.06"]
[EventType "swiss"]
[EventRounds "9"]
[EventCountry "INA"]
[SourceTitle "CBM 214 Extra"]
[Source "ChessBase"]
[SourceDate "2023.07.31"]
[SourceVersion "1"]
[SourceVersionDate "2023.07.31"]
[SourceQuality "1"]

1. e4 c5 2. Nf3 d6 3. c3 Nf6 4. h3 g6 5. Bd3 Bg7 6. Bc2 0-0 7. d4 cxd4 8. cxd4 Nc6 9. 0-0 a6 10. Nc3 b5 11. a4 b4 12. Ne2 Bb7 13. Be3 Nd7 14. Qd2 Rc8 15. Bd3 a5 16. Ng3 e5 17. Bb5 exd4 18. Nxd4 Nxd4 19. Bxd4 Nc5 20. Bxg7 Kxg7 21. Rad1 Qf6 22. Qxd6 Qxd6 23. Rxd6 Nxe4 24. Nxe4 Bxe4 25. Re1 Bf5 26. Ra6 Rc2 27. Rxa5 Rxb2 28. Ra7 Rd2 29. Bc4 Rc2 30. Bb3 Rb2 31. Re3 Bc2 32. Bxc2 Rxc2 33. Rb7 Ra2 34. Rxb4 Ra8 35. Ree4 Ra1+ 36. Kh2 Ra3 37. h4 h5 38. Rf4 Ra7 39. g3 Kg8 40. Kg2 Kg7 41. Kf1 Ra2 42. Ke1 Rd7 43. Rbd4 Rb7 44. Rb4 Rd7 45. Kf1 Ra7 46. Rbd4 Rb7 47. Kg2 Ra3 48. Rf3 Ra2 49. Re3 Ra7 50. Ree4 Ra3 51. Kf1 Ra2 52. Ke1 Rb7 53. Rd2 Ra1+ 54. Ke2 f5 55. Red4 Re7+ 56. Kf3 Kh6 57. Rc4 Ra3+ 58. Kf4 Ra7 59. Rdd4 Ra5 60. Rb4 Ra2 61. Ke3 Re5+ 62. Kf4 Ra5 63. Kf3 Ra3+ 64. Kg2 Ra7 65. Rdc4 Kh7 66. Kf1 Ra2 67. Rd4 Kh6 68. Kg2 Ra3 69. Rdc4 Kh7 1/2-1/2

[Event "Asia zt 3.3"]
[Site "Jakarta"]
[Date "2023.05.06"]
[Round "1"]
[White "Ali, Muhammad Lutfi"]
[Black "Le, Tuan Minh"]
[Result "0-1"]
[WhiteElo "2369"]
[BlackElo "2542"]
[PlyCount "84"]
[EventDate "2023.05.06"]
[EventType "swiss"]
[EventRounds "9"]
[EventCountry "INA"]
[SourceTitle "CBM 214 Extra"]
[Source "ChessBase"]
[SourceDate "2023.07.31"]
[SourceVersion "1"]
[SourceVersionDate "2023.07.31"]
[SourceQuality "1"]

1. e4 e5 2. Nf3 Nc6 3. Bb5 a6 4. Ba4 Bc5 5. 0-0 Nge7 6. c3 Ng6 7. d4 Ba7 8. Bxc6 dxc6 9. Nxe5 Nxe5 10. dxe5 Qe7 11. Qh5 h6 12. Bf4 Bd7 13. Nd2 0-0-0 14. Nc4 Be6 15. Qe2 g5 16. Be3 Bxe3 17. Nxe3 Qc5 18. Qc2 Qxe5 19. b3 h5 20. Rad1 g4 21. Rxd8+ Rxd8 22. Rd1 Re8 23. Qd3 Kb8 24. Qd4 Qg5 25. Nc4 h4 26. Qe5 Qh6 27. Ne3 Bd7 28. Qd4 Bc8 29. Nf1 b6 30. Re1 c5 31. Qd2 Qf6 32. Qd3 h3 33. gxh3 gxh3 34. f3 Qg5+ 35. Ng3 f5 36. Qd5 Rd8 37. Qe5 Qd2 38. Re2 Qc1+ 39. Kf2 f4 40. Nh5 Rg8 41. Ng7 Qh1 42. Qg5 Qxh2+ 0-1

[Event "Sitges Sunway op 8th"]
[Site "Sitges"]
[Date "2021.12.15"]
[Round "3"]
[White "Sharan, Rao"]
[Black "Ali, Muhammad Lutfi"]
[Result "1/2-1/2"]
[WhiteElo "2179"]
[BlackElo "2399"]
[PlyCount "111"]
[EventDate "2021.12.13"]
[EventType "swiss"]
[EventRounds "10"]
[EventCountry "ESP"]
[SourceTitle "CBM 205 Extra"]
[Source "ChessBase"]
[SourceDate "2022.01.31"]
[SourceVersion "1"]
[SourceVersionDate "2022.01.31"]
[SourceQuality "1"]

1. Nf3 g6 2. d4 Bg7 3. b3 c5 4. Bb2 cxd4 5. Nxd4 Nf6 6. e3 0-0 7. Be2 d5 8. 0-0 Re8 9. c4 e5 10. Nf3 Nc6 11. Na3 d4 12. exd4 exd4 13. Nb5 Nh5 14. Nfxd4 Nf4 15. Bf3 Ne5 16. Bc1 Nxf3+ 17. Qxf3 Ne2+ 18. Nxe2 Bxa1 19. Nbc3 Qa5 20. Bh6 Bxc3 21. Nxc3 Qf5 22. Qd1 Qe5 23. Nd5 Bf5 24. f4 Qh8 25. Bg5 Qb2 26. Rf2 Bg4 27. Rxb2 Bxd1 28. Nf6+ Kg7 29. Nxe8+ Rxe8 30. Rd2 Bg4 31. h3 Re2 32. Rxe2 Bxe2 33. Bd8 Bd3 34. a3 f5 35. Kf2 Kf7 36. Ke3 Bf1 37. Kf2 Bd3 38. Ke3 Bf1 39. g4 Bxh3 40. g5 Ke6 41. Kd4 Kd7 42. Bf6 Kc6 43. Ke5 Bg4 44. Be7 Bd1 45. b4 b5 46. c5 a6 47. Kf6 Kd7 48. Bd6 Bf3 49. Kg7 Ke8 50. Bb8 Bc6 51. Kf6 Kd7 52. Ke5 Be4 53. c6+ Kxc6 54. Ke6 Bd5+ 55. Ke7 Bb3 56. Kd8 1/2-1/2

[Event "Asian University"]
[Site "Tornelo INT"]
[Date "2021.09.12"]
[Round "9"]
[White "Ali, Muhammad Lutfi"]
[Black "Karthik, Venkataraman"]
[Result "1-0"]
[WhiteElo "2399"]
[BlackElo "2483"]
[PlyCount "135"]
[EventDate "2021.09.10"]
[EventType "swiss (rapid)"]
[EventRounds "9"]
[EventCountry "NET"]
[SourceTitle "CBM 204 Extra"]
[Source "ChessBase"]
[SourceDate "2021.11.30"]
[SourceVersion "1"]
[SourceVersionDate "2021.11.30"]
[SourceQuality "1"]

1. e4 c5 2. Nf3 d6 3. Bb5+ Bd7 4. c4 Nf6 5. Nc3 g6 6. d4 cxd4 7. Nxd4 Bg7 8. 0-0 0-0 9. Bxd7 Nbxd7 10. b3 a6 11. Bb2 Rc8 12. Re1 Qa5 13. Nd5 Rfe8 14. Bc3 Qd8 15. Qd2 e6 16. Nxf6+ Nxf6 17. Nf3 b5 18. Rac1 bxc4 19. bxc4 e5 20. Qd3 Rc6 21. Bd2 Qc7 22. Bg5 Nd7 23. Nd2 Nc5 24. Qc2 Ne6 25. Be3 Rc8 26. Qd3 h5 27. Rc3 Bf6 28. Rb1 Bg5 29. Bxg5 Nxg5 30. h4 Ne6 31. g3 Kg7 32. Kg2 Rb8 33. Rxb8 Qxb8 34. Nb3 Qb4 35. Rc2 Rc7 36. Qd5 Qb6 37. Rd2 Rc6 38. Rc2 Nc7 39. Qa5 Qb7 40. Qd2 Qa8 41. c5 Ne6 42. cxd6 Rxd6 43. Qxd6 Qxe4+ 44. Kg1 Qxc2 45. Qxe5+ Kg8 46. Qb8+ Kg7 47. Qe5+ Kg8 48. Qb8+ Kh7 49. Qb7 Qb1+ 50. Kg2 Qxa2 51. Qxf7+ Ng7 52. Qf3 Qc2 53. Nd4 Qc4 54. Nc6 Qe6 55. Nd8 Qd7 56. Nf7 Nf5 57. Ng5+ Kg7 58. Qc3+ Kg8 59. Qf6 Qe8 60. Qxa6 Kg7 61. Qa1+ Kg8 62. Qa2+ Kg7 63. Qb2+ Kg8 64. Qf6 Qa8+ 65. Kh2 Qe8 66. Ne6 Qf7 67. Qd8+ Kh7 68. Ng5+ 1-0

[Event "Sheikh Kamal Online Inv"]
[Site "Tornelo INT"]
[Date "2021.08.28"]
[Round "6"]
[White "Ali, Muhammad Lutfi"]
[Black "Rahman, Ziaur"]
[Result "1-0"]
[WhiteElo "2399"]
[BlackElo "2429"]
[PlyCount "67"]
[EventDate "2021.08.27"]
[EventType "tourn (rapid)"]
[EventRounds "9"]
[EventCountry "BAN"]
[SourceTitle "CBM 204 Extra"]
[Source "ChessBase"]
[SourceDate "2021.11.30"]
[SourceVersion "1"]
[SourceVersionDate "2021.11.30"]
[SourceQuality "1"]

1. e4 c6 2. d4 d5 3. exd5 cxd5 4. Bd3 Nc6 5. c3 Nf6 6. h3 e5 7. dxe5 Nxe5 8. Nf3 Nxd3+ 9. Qxd3 Be7 10. 0-0 0-0 11. Nbd2 Re8 12. Nb3 a5 13. a4 Qb6 14. Nfd4 Ne4 15. Qb5 Qd8 16. Bf4 Ra6 17. Bc7 Qd7 18. Nxa5 Rg6 19. Kh1 Bh4 20. Qxd7 Bxd7 21. g3 Bf6 22. Kg2 Bxd4 23. cxd4 Ra6 24. Nxb7 Rc8 25. Bf4 Rb6 26. Nc5 Nxc5 27. dxc5 Rxb2 28. a5 d4 29. Rfd1 Rxc5 30. Rxd4 Bc6+ 31. Kg1 g5 32. Rd8+ Kg7 33. Be3 Rxa5 34. Bd4+ 1-0

[Event "Sheikh Kamal Online Inv"]
[Site "Tornelo INT"]
[Date "2021.08.28"]
[Round "4"]
[White "Maghsoodloo, Parham"]
[Black "Ali, Muhammad Lutfi"]
[Result "0-1"]
[WhiteElo "2698"]
[BlackElo "2399"]
[PlyCount "106"]
[EventDate "2021.08.27"]
[EventType "tourn (rapid)"]
[EventRounds "9"]
[EventCountry "BAN"]
[SourceTitle "CBM 204 Extra"]
[Source "ChessBase"]
[SourceDate "2021.11.30"]
[SourceVersion "1"]
[SourceVersionDate "2021.11.30"]
[SourceQuality "1"]

1. d4 Nf6 2. Bg5 Ne4 3. Bf4 c5 4. f3 Qa5+ 5. c3 Nf6 6. d5 d6 7. e4 Nbd7 8. a4 g6 9. Nd2 Bg7 10. Nh3 0-0 11. Nf2 Qc7 12. Be2 Ne8 13. g4 e5 14. dxe6 fxe6 15. Bg3 Ne5 16. f4 Nf7 17. Nc4 b6 18. Ne3 Bb7 19. Bc4 Qe7 20. 0-0 Nc7 21. Qb3 Rad8 22. Rad1 Ba8 23. h4 Kh8 24. Rfe1 Rfe8 25. Re2 Qf8 26. Red2 Qe7 27. Bf1 Bc6 28. Qc2 Qd7 29. b3 Qc8 30. g5 Qb7 31. Neg4 b5 32. axb5 Nxb5 33. Nf6 Bxf6 34. gxf6 d5 35. Bxb5 Bxb5 36. c4 Bc6 37. cxd5 exd5 38. Qxc5 dxe4 39. Rxd8 Nxd8 40. f5 e3 41. Ng4 Qxb3 42. Nxe3 Ba8 43. fxg6 hxg6 44. Rxd8 Rxd8 45. Qe7 Rd1+ 46. Nxd1 Qxd1+ 47. Be1 Qd4+ 48. Kh2 Qf4+ 49. Bg3 Qd2+ 50. Kh3 Qg2+ 51. Kg4 Qf3+ 52. Kh3 Qf1+ 53. Kg4 Qf5# 0-1

[Event "Sheikh Kamal Online Inv"]
[Site "Tornelo INT"]
[Date "2021.08.27"]
[Round "1"]
[White "Noshin, Anjum"]
[Black "Ali, Muhammad Lutfi"]
[Result "0-1"]
[WhiteElo "2004"]
[BlackElo "2399"]
[PlyCount "42"]
[EventDate "2021.08.27"]
[EventType "tourn (rapid)"]
[EventRounds "9"]
[EventCountry "BAN"]
[SourceTitle "CBM 204 Extra"]
[Source "ChessBase"]
[SourceDate "2021.11.30"]
[SourceVersion "1"]
[SourceVersionDate "2021.11.30"]
[SourceQuality "1"]

1. e4 g6 2. Nf3 Bg7 3. d4 c6 4. Bd3 d5 5. 0-0 dxe4 6. Bxe4 Nf6 7. Bd3 0-0 8. h3 c5 9. dxc5 Nfd7 10. c3 Nxc5 11. Bc4 Bf5 12. Bg5 Nc6 13. Nh4 Bd3 14. Bxd3 Qxd3 15. Nd2 Rad8 16. Be3 Qd5 17. Qf3 Nd3 18. Qxd5 Rxd5 19. Rab1 f5 20. c4 Rdd8 21. Bc5 Nxc5 0-1

[Event "Asian Hybrid"]
[Site "Tornelo INT"]
[Date "2021.05.26"]
[Round "6"]
[White "Ali, Muhammad Lutfi"]
[Black "Gholami, Aryan"]
[Result "1-0"]
[WhiteElo "2399"]
[BlackElo "2513"]
[PlyCount "89"]
[EventDate "2021.05.21"]
[EventType "swiss"]
[EventRounds "9"]
[EventCountry "NET"]
[SourceTitle "CBM 202 Extra"]
[Source "ChessBase"]
[SourceDate "2021.07.31"]
[SourceVersion "1"]
[SourceVersionDate "2021.07.31"]
[SourceQuality "1"]

1. e4 c6 2. d4 d5 3. exd5 cxd5 4. Bd3 Nc6 5. c3 Nf6 6. h3 g6 7. Bf4 Bf5 8. Be2 e6 9. Nd2 h5 10. Ngf3 Bd6 11. Bg5 Be7 12. 0-0 Nd7 13. Bxe7 Qxe7 14. c4 Nf6 15. cxd5 Nxd5 16. Bb5 Rc8 17. Ne5 Ndb4 18. Rc1 0-0 19. Bxc6 Nxc6 20. Nxc6 Rxc6 21. Rxc6 bxc6 22. Qf3 c5 23. Qa3 Qd7 24. Qxc5 Rc8 25. Qe5 Rc2 26. Nf3 Qd8 27. a4 Rxb2 28. Rc1 Rc2 29. Rxc2 Bxc2 30. a5 Bb3 31. Qc5 a6 32. Ne5 Bd5 33. Qa7 Qf6 34. Qxa6 Qg5 35. Qc8+ Kg7 36. Qh8+ Kxh8 37. Nxf7+ Kg7 38. Nxg5 Kf6 39. Nf3 Ke7 40. Ne5 g5 41. a6 Kd6 42. Nf7+ Kc7 43. Nxg5 Kb6 44. Nh7 Kxa6 45. Nf6 1-0

[Event "Asian Hybrid"]
[Site "Tornelo INT"]
[Date "2021.05.24"]
[Round "4"]
[White "Serikbay, Assel"]
[Black "Ali, Muhammad Lutfi"]
[Result "0-1"]
[WhiteElo "2228"]
[BlackElo "2399"]
[PlyCount "98"]
[EventDate "2021.05.21"]
[EventType "swiss"]
[EventRounds "9"]
[EventCountry "NET"]
[SourceTitle "CBM 202 Extra"]
[Source "ChessBase"]
[SourceDate "2021.07.31"]
[SourceVersion "1"]
[SourceVersionDate "2021.07.31"]
[SourceQuality "1"]

1. d4 Nf6 2. c4 g6 3. Nf3 Bg7 4. g3 0-0 5. Bg2 d6 6. Nc3 Nc6 7. 0-0 e5 8. d5 Nb8 9. e4 a5 10. Ne1 Na6 11. Nd3 Nd7 12. f4 exf4 13. Bxf4 Ndc5 14. Nxc5 Nxc5 15. Qd2 Bd7 16. Rae1 Qe7 17. Kh1 Rae8 18. b3 b6 19. Nd1 Qd8 20. Nf2 Qf6 21. Re2 Qd4 22. Qc1 f5 23. Be3 Qc3 24. Rc2 Qe5 25. Bxc5 bxc5 26. Re1 Re7 27. Qd2 a4 28. b4 Qd4 29. Qxd4 Bxd4 30. bxc5 Bxc5 31. Nd3 Bd4 32. Rce2 Rfe8 33. Bf3 Bc3 34. Rc1 fxe4 35. Rxc3 exf3 36. Rxe7 Rxe7 37. Kg1 Re2 38. Nf4 f2+ 39. Kf1 Rxa2 40. Ne6 Bxe6 41. dxe6 Kf8 42. Rf3+ Ke7 43. Rf7+ Kxe6 44. Rxc7 a3 45. Ra7 Ke5 46. Ra6 g5 47. h3 h5 48. Kg2 Ke4 49. Rxd6 Rb2 0-1

[Event "Titled Tuesday intern op 23rd Mar"]
[Site "Chess.com INT"]
[Date "2021.03.23"]
[Round "1"]
[White "Ali, Muhammad Lutfi"]
[Black "Jain, Naveen"]
[Result "0-1"]
[WhiteElo "2399"]
[BlackElo "2032"]
[PlyCount "34"]
[EventDate "2021.03.23"]
[EventType "swiss (blitz)"]
[EventRounds "11"]
[EventCountry "USA"]
[SourceTitle "CBM 201 Extra"]
[Source "ChessBase"]
[SourceDate "2021.05.31"]
[SourceVersion "1"]
[SourceVersionDate "2021.05.31"]
[SourceQuality "1"]

1. e4 Nf6 2. e5 Nd5 3. d4 d6 4. Nf3 dxe5 5. Nxe5 c6 6. c4 Nb4 7. Be3 Bf5 8. Na3 Nd7 9. Nf3 e6 10. Be2 Be7 11. 0-0 0-0 12. Qd2 Nf6 13. Ne5 Qc7 14. f4 Ne4 15. Qe1 h6 16. Bf3 a5 17. Qf2 Nxf2 0-1

[Event "FIDE World Uni Rapid-D 1st"]
[Site "Tornelo INT"]
[Date "2021.03.20"]
[Round "2"]
[White "Zhang, Hou Han"]
[Black "Ali, Muhammad Lutfi"]
[Result "0-1"]
[WhiteElo "1813"]
[BlackElo "2399"]
[PlyCount "66"]
[EventDate "2021.03.20"]
[EventType "swiss (rapid)"]
[EventRounds "12"]
[EventCountry "NET"]
[SourceTitle "EXT 2022"]
[Source "ChessBase"]
[SourceDate "2021.10.06"]
[SourceVersion "1"]
[SourceVersionDate "2021.10.06"]
[SourceQuality "1"]

1. Nf3 g6 2. g3 Bg7 3. Bg2 e5 4. d3 f5 5. 0-0 d6 6. c4 Nf6 7. Nc3 0-0 8. Bg5 h6 9. Bxf6 Qxf6 10. Rb1 a5 11. a3 Be6 12. Nd2 c6 13. e3 Nd7 14. b4 axb4 15. axb4 Ra3 16. Qc2 Rfa8 17. b5 e4 18. d4 c5 19. Ne2 Nb6 20. dxc5 dxc5 21. Nf4 Bf7 22. Nd5 Nxd5 23. cxd5 Rc3 24. Qb2 Bxd5 25. Ra1 Rxa1 26. Qxa1 Rc2 27. Qd1 Qb2 28. Nb1 Bc4 29. Qd8+ Kh7 30. Rd1 Bd3 31. g4 Rxf2 32. Bh3 Rxh2 33. gxf5 Qf2# 0-1